Ciències socials: curs 1997-1998

Na minha lista:
Detalhes bibliográficos
Formato: Livro
Idioma:catalão
Publicado em: Barcelona Barcanova 1998
Assuntos:
Tags: Adicionar Tag
Sem tags, seja o primeiro a adicionar uma tag!

MARC

LEADER 00000nam a2200000 a 4500
001 UCP8219
003 CL-VaPUC
008 000114e19980000SP |||||||||||||||||cat|d
082 0 4 |a 372.83  |b CIE  |2 21 
245 1 0 |a Ciències socials: curs 1997-1998 
300 |a p. irreg 
942 |c BK 
945 |d 20000114 00:00:00  |a crobeson 
260 |a Barcelona  |b Barcanova  |c 1998 
500 |a Corresponde a: catálogo 
650 0 |a Enseñanza de las ciencias sociales  |9 337823 
650 0 |a Enseñanza de la geografía  |9 310005 
650 0 |a Enseñanza de la historia   |9 307330 
650 0 |a Libros de texto  |9 270019 
650 7 |a MATERIAL Y EQUIPO DIDACTICOS  |2 CL-VaPUC  |9 309109 
583 |a last modification  |c 20000114 00:00:00  |k Rodrigo Vera 
999 |c 285154  |d 285152 
952 |0 0  |1 0  |4 0  |6 372_830000000000000_CIE_1998  |7 0  |8 A  |9 329542  |a BIBHIS  |b BIBHIS  |d 2019-11-20  |i 139035K  |o 372.83 CIE 1998  |p 139035K  |r 2025-01-20  |w 2019-11-20  |y BK  |k HIS